MDQL
is popping MORE tags! Check the
thread
!
Quizzes
Events
Quiz Creation
Community
Videos
Private Events
Remove Ads
Sign In
Join for FREE
Feedback
Dark Mode
Quiz Categories
Sports
Geography
Music
Movies
Television
Just For Fun
Miscellaneous
History
Literature
Language
Science
Gaming
Entertainment
Religion
Holiday
For Kids
Quiz Lab
Recent
Popular Today
Quiz Kudos Today
Editor Picks
Curator Picks
Quizzes by...
Day
Popularity
Type
Ratings
Length
Year
Community
Subscriptions
Recent Discussions
Orange Saloon
Badges
Playlists
Quests
Create
Leaderboards
Showdown
Live 5
Trivia Bingo
Activity
Puzzle Library
Sporcle Events
Private Events
Virtual Trivia
Globe League
Become a Host
Pub Owners
SporcleCon
Opinionation
Our Games
Videos
Blog
Mobile Apps
Partnerships
Remove Ads and Go Orange
Feedback
Religion
Mythology
Religious Music
World Religions
Bible
Christianity
Catholicism
Judaism
Church
Scripture
Islam
Verse
Religion
Mythology
Religious Music
World Religions
Bible
Christianity
Catholicism
Judaism
Church
Scripture
Islam
Verse
Random Quiz
Search Sporcle
×
Quiz Lab
Quiz Lab
Religion
Church
Type in answers that appear in a list
Type in answers that appear in a list
Classic
Best Score? Go Orange.
Dioceses of the Church of Norway Stats
Can you name the dioceses of the Church of Norway?
By
EMyre
5m
11 Questions
30 Plays
30 Plays
30 Plays
Comments
Comments
Give Quiz Kudos
Give Quiz Kudos
-
- Ratings
hide this ad
Random Order
Randomize order of answers
Randomize order of answers
Replay
Link that replays current quiz
Next Quiz
Link to next quiz in quiz playlist
You Got
0%
They Got
Avg Score
70%
Avg Friend Score
Upgrade to see
Score Distribution
Jump to the score distribution portion of the page
Score
0/11
Timer
05:00
0
Plays Today
Seat
Diocese
% Correct
[Name of diocese]
Oslo
96.7%
Bergen
Bjørgvin
76.7%
Molde
Møre
76.7%
Trondheim
Nidaros
76.7%
Kristiansand
Agder og Telemark
70%
[Name of diocese]
Hamar
66.7%
Tromsø
Nord-Hålogaland
63.3%
[Name of diocese]
Stavanger
63.3%
Tønsberg
Tunsberg
63.3%
Fredrikstad
Borg
60%
Bodø
Sør-Hålogaland
60%
Quiz Playlist
Details
Report
Send in Message
Add To Playlist
Classic:
Type in answers that appear in a list
Random Order:
Randomize order of answers
Quiz Source
Last Updated: Feb 16, 2017
Quiz Scoreboard
CHALLENGE
Sign Up to Join the Scoreboard
Show All
Scores
Hide
Comments
May contain spoilers
Recently Published
1-10 Letter E Words III
by El_Dandy
Language
2m
Street Fighter Characters
by Artimus82
Gaming
60s
College Basketball Coaching Resumes
by pancakes188
Sports
9m
More to Explore
Quiz From the Vault
Featured Blog Post
Where Did the Easter Bunny Come From?
hide this ad
You Might Also Like...
Tags
Christianity Quiz
Church Quiz
Christian
diocese
Norway
seat
Today's Top Quizzes in Religion
Browse Religion
hide this ad
Today's Top Quizzes in Church
Browse Church
Top Contributed Quizzes in Religion
1
5-to-1: Children of Gods
2
5-to-1: European Churches
3
One Thing in Common: Mythology
4
One Thing in Common: Mythology II
5
One Thing in Common: Religion
6
Mythological Creature Bunker
7
One Thing in Common: Religion and Mythology
8
Prime Time: Religion
9
Murdered Mythical Monsters
10
10 to 1: Islam
Explore More
Trending Topics
Marvel
Crossword
Kpop
Harry Potter
NBA
Disney
Anime
WWE
Soccer
Pokémon
The Office
NFL
Puzzle
Country
Song
hide this ad
More By:
EMyre
Quiz
Plays
Rating
Category
Featured
Created
Clickable Monopoly States
40,784
4.52
Gaming
Oct 10, 2014
Not on Our Continent: Countries
28,194
4.71
Geography
Sep 8, 2016
Word Ladder: Chekhov's Gun
24,543
4.02
Just For Fun
Apr 15, 2013
Word Ladder: Don't Get Mad, Get GLaDOS
22,089
4.56
Just For Fun
Aug 23, 2013
Missing Word: 4-Letter Movies (A-Z)
11,767
4.72
Just For Fun
May 4, 2015
Go to Creator's Profile
Score Distribution
Quiz Creator Spotlight
EMyre
Follow
Send a Message
Quizzes Created
-
Created Quiz Play Count
-
More By This Creator
Popular Quizzes Today
1
Find the US States - No Outlines Minefield
2
Find the Countries of Europe - No Outlines Minefield
3
The Countries of the World
4
Find the US States
5
Risky Map Clicking: Biggest States A-Z
6
US States
7
Popular People in 1961
8
Movies - When Are They Set?
More Religion Quizzes
Trifold Trivia ≋ Bible Book
Curator's Pick
Trending Quizzes
Risky Map Clicking: Least Populous States A-Z
USA Borders Longest to Shortest
1-10 Letter G Words
1-10 Letter F Words
Countries of the World: 200 Million BC
Recently Updated
Beyoncé Albums
pecheneg
Leaping Animals
pecheneg
Reality TV Shows (A-Z)
bhenderson79
Rickey Henderson's Hall of Fame Teammates
pecheneg
Champions League XIs: Arsenal
pecheneg
Quick Pick: Celebrities in WWE's Hall of Fame
aduchscher
A-Z Keypad Blitz II
pecheneg
Multiple Oscar Actors
pecheneg
Mystery Phrase Blitz: Oscar 'Best Actors'
pecheneg
F. Scott Fitzgerald Novels
LTH
Trending Topics
Crossword
Kpop
Disney
Harry Potter
NBA
Anime
Marvel
Country
Puzzle
Pokémon
The Office
Song
WWE
Soccer
NFL
Your Account Isn't Verified!
In order to create a playlist on Sporcle, you need to verify the email address you used during registration. Go to your
Sporcle Settings
to finish the process.
Report this User
Report this user for behavior that violates our
Community Guidelines
.
Details:
Send Report
Go to the Sporcle.com Mobile Site →
Comments